Inseln mit Anfangsbuchstabe M - Statistiken

Allgemein
  • Dieses Quiz wurde 113 mal gespielt
  • Das Durchschnittsergebnis liegt bei 10 aus 23
Antwortstatistiken
Hinweise Antwort % Korrekt
Größte Insel Afrikas und auch größte mit "M". Madagaskar
100%
Christoph Kolumbus, Kaiser Karl I. und Cristiano Ronaldo lebten schon auf der portugiesischen Atlantikinsel. Zuletzt bei YouTubern sehr beliebt. Madeira
89%
Hauptinsel des gleichnamigen Inselstaats im Mittelmeer. Auf der Flagge erkennt man ein Pferd, wenn man genau hinsieht. Malta
84%
Die spanische Insel wird jährlich von über 12 Millionen Touristen besucht, etwa ein Drittel davon Deutsche. Mallorca
83%
Blumeninsel im Bodensee, von einem schwedischen Prinzen gestaltet. Mainau
79%
Gewaltige 90.000 Einwohner pro Quadratkilometer hat diese Insel, auf der die gleichnamige Hauptstadt der Malediven liegt. Malé
69%
Das Steuerparadies zwischen England und Irland ist bekannt für das älteste durchgängig bestehende Parlament der Welt, tödliche Motorradrennen und Katzen ohne Schwanz. Man
62%
Inselstaat ohne offizielle Amtssprache, in dem die Suche nach einer blauen Briefmarke noch eher aussichtsreich ist als nach einem lebenden Dodo. Mauritius
60%
Napoleons Ehefrau Joséphine stammte von der französischen Karibikinsel, wo 1902 durch einem Vulkanausbruch ca. 30.000 Menschen starben. Martinique
45%
Eine solch kulturelle Fluss-Insel gibt es in Berlin und in München, wobei die Insel in Berlin offiziell Spreeinsel heißt. Museumsinsel
45%
Die mit 1,9 Millionen Einwohnern bevölkerungsreichste Binneninsel der Welt liegt im kanadischen Sankt-Lorenz-Strom und heißt wie die Stadt, die auf ihr liegt. Montréal
43%
1713 musste Spanien die Insel zusammen mit Gibraltar an das Britische Empire abgeben. Im Gegensatz zu Gibraltar wurde die Insel mit ihrem legendären Käse "Queso Mahón" 1802 wieder endgültig spanisch. Menorca
41%
Einst besiegte Herakles einige Riesen, die er ins Meer warf. Als sie zu Stein erstarrten, entstand diese Insel, die heute von Party-Stränden gesäumt ist. Mykonos
37%
Nach einem polynesischem Halbgott benannte Hawaii-Insel mit vielen Zuckerrohr- und Ananas-Plantagen und der bei Touristen beliebten Road to Hāna. Maui
36%
Die zweitgrößte Insel der Philippinen mit Hauptort Davao und vielen Stränden und Wasserfällen. Mindanao
32%
Auf den Inseln Delap, Uliga und Darrit dieses Atolls der Marshallinseln liegt die gleichnamige Staatshauptstadt. Majuro
28%
Der Name des zu den USA gehörenden Pazifik-Atolls verweist darauf, dass es auf halber Strecke zwischen Asien und Amerika liegt. Midway
22%
Sowohl die Hauptinsel der Shetland- als auch der Orkney-Inseln nennt man so. Schließlich ist dies das englische Wort für die wichtigste Landmasse eines Gebiets. Mainland
16%
Die Insel vor der Küste Venezuelas entwickelte sich von einer Tourismus-Hochburg zu einem Drogen-Umschlagplatz. Hat nichts mit einem Cocktail mit Salzrand zu tun. Margarita
16%
Zu Massachusetts gehört der Nobel-Ferienort und Drehort von "Der Weiße Hai". Weinanbau gibt es hier auch. Martha’s Vineyard
10%
Etwa 90% der Bevölkerung leben auf der Hauptinsel der Seychellen, mit Beau Vallon Beach und Morne Blanc Trail. Mahé
8%
Die größte in einem See gelegene Insel der Welt liegt im Huronsee und ist bekannt für Weißdorn-Früchte. Manitoulin
1%
Die Insel zwischen den Mündungen von Amazonas und Rio Tocantins wird oft als größte Fluss-Insel der Welt bezeichnet, grenzt aber auch an den Atlantik. Marajó
1%
Keine übereinstimmenden Quizze gefunden
Verteilung der Resultate
Anzahl Personen mit jedem Resultat
Perzentil nach korrekt beantworteten Fragen
Ihre Resultats-Entwicklung
Sie haben dieses Quiz noch nicht gespielt